Professional English : (Record no. 2494)

MARC details
000 -LEADER
fixed length control field 00729nam a22002177a 4500
003 - CONTROL NUMBER IDENTIFIER
control field OSt
005 - DATE AND TIME OF LATEST TRANSACTION
control field 20250109012507.0
008 - FIXED-LENGTH DATA ELEMENTS--GENERAL INFORMATION
fixed length control field 250109b |||||||| |||| 00| | eng d
020 ## - INTERNATIONAL STANDARD BOOK NUMBER
International Standard Book Number 978-981-4281-80-5
040 ## - CATALOGING SOURCE
Transcribing agency JMCFI - Learning Resource Center
082 ## - DEWEY DECIMAL CLASSIFICATION NUMBER
Classification number F.P./G.Ed. 428.'624 W721 2009
100 ## - MAIN ENTRY--PERSONAL NAME
Personal name Williams, Ivor
9 (RLIN) 5193
245 ## - TITLE STATEMENT
Title Professional English :
Remainder of title English for science and engineering /
Statement of responsibility, etc. Ivor Williams
260 ## - PUBLICATION, DISTRIBUTION, ETC.
Place of publication, distribution, etc. Australia :
Name of publisher, distributor, etc. Cengage Learning ,
Date of publication, distribution, etc. 2009.
300 ## - PHYSICAL DESCRIPTION
Extent vi, 106 pages :
Other physical details black and white, illus. ;
Dimensions 25 cm
500 ## - GENERAL NOTE
General note Includes glossary.
650 ## - SUBJECT ADDED ENTRY--TOPICAL TERM
Topical term or geographic name entry element English for specific purposes.
9 (RLIN) 5194
650 ## - SUBJECT ADDED ENTRY--TOPICAL TERM
Topical term or geographic name entry element Engineering English.
9 (RLIN) 5195
650 ## - SUBJECT ADDED ENTRY--TOPICAL TERM
Topical term or geographic name entry element English language.
9 (RLIN) 1644
942 ## - ADDED ENTRY ELEMENTS (KOHA)
Source of classification or shelving scheme Dewey Decimal Classification
Koha item type Books
Suppress in OPAC No
Holdings
Withdrawn status Lost status Source of classification or shelving scheme Damaged status Not for loan Home library Current library Shelving location Date acquired Total Checkouts Full call number Barcode Date last seen Copy number Price effective from Koha item type
    Dewey Decimal Classification     LRC - College (Main) LRC - College (Main) Foreign Publications - General Education 10/02/2017   F.P./G.Ed. 428.'624 W721 2009 c1 00004631 01/09/2025 1 01/09/2025 Books
    Dewey Decimal Classification     LRC - College (Main) LRC - College (Main) Foreign Publications - General Education 10/02/2017   F.P./G.Ed. 428.'624 W721 2009 c2 00004632 01/09/2025 2 01/09/2025 Books
    Dewey Decimal Classification     LRC - College (Main) LRC - College (Main) Foreign Publications - General Education 10/02/2017   F.P./G.Ed. 428.'624 W721 2009 c3 00004633 01/09/2025 3 01/09/2025 Books